000 01024nam a2200229 a 4500
001 41281
003 BD-RjUL
005 20211209053346.0
008 160528s2001 bg ||||| |||| 00| 0 ben d
020 _a9840741543
_c: TK 80.00
035 _a(BD-RjUL) 41398
040 _aBD-RjUL
_bben
_cBD-RjUL
041 _aben
082 _223
_a303.4201
_bCHB 2001
100 _aচক্রবর্তী, তপংকর
_9126986
245 1 0 _aবরিশালের সংবাদ ও সাময়িকপত্র :
_b১৮৫৯-১৯৭১ /
_cতপপ্নগকর চক্রবর্তী
260 _aঢাকা :
_bজাতীয় সাহিত্য প্রকাশ,
_c২০০১
300 _a[১০], ১৭৯ পৃ.
_c২১ সেমি.
651 _aBengal (India)
_e
_x Social conditions
_y19th century.
_9126987
651 _8
_aবাংলা (ভারত)
_xসামাজিক অবস্থা
_yউনবিংশ শতাব্দী
_9126988
942 _2ddc
_cBK
999 _c41281
_d41281